Comparison of calcite to quicklime for amending partially oxidized sulfidic mine tailings before flooding /
Đã lưu trong:
| Príomhúdar: | |
|---|---|
| Údair Eile: | |
| Formáid: | Bài viết |
| Teanga: | English |
| Ábhair: | |
| Clibeanna: |
Cuir Clib Leis
Gan Chlibeanna, Bí ar an gcéad duine leis an taifead seo a chlibeáil!
|
| Thư viện lưu trữ: | Thư viện Trường Đại học Đà Lạt |
|---|
| LEADER | 01011nam a2200325 4500 | ||
|---|---|---|---|
| 001 | DLU090093628 | ||
| 005 | ##20091201 | ||
| 040 | # | # | |a DLU |b eng |
| 041 | # | # | |a eng |
| 044 | # | # | |a us |
| 100 | # | # | |a Catalan, Lionel J. J. |
| 245 | # | # | |a Comparison of calcite to quicklime for amending partially oxidized sulfidic mine tailings before flooding / |c Lionel J. J. Catalan, Guohong Yin. |
| 653 | # | # | |a Buffering capacity |
| 653 | # | # | |a Chemical stability |
| 653 | # | # | |a Geochemistry |
| 653 | # | # | |a Mine tailings |
| 653 | # | # | |a Mineral amendment |
| 653 | # | # | |a Mining waste |
| 653 | # | # | |a Pollution prevention |
| 700 | # | # | |a Yin, Guohong. |
| 773 | # | # | |t Environmental Science & Technology |g Vol. 37, no. 7 (April 2003), p. 1408-1413 |
| 920 | # | # | |a Phòng Tạp chí -- Trung tâm Thông tin - Thư viện Trường Đại học Đà Lạt |
| 994 | # | # | |a DLU |
| 900 | # | # | |a True |
| 911 | # | # | |a Trương Bảo Trâm Anh |
| 925 | # | # | |a G |
| 926 | # | # | |a A |
| 927 | # | # | |a BB |
| 980 | # | # | |a Thư viện Trường Đại học Đà Lạt |